5-Star Capitals by Continent Quiz Stats

 Plays Quiz Updated Aug 30, 2015

Challenge
Share
Tweet
Embed
Score 0/30 Timer 05:00
1 Play Today
% Correct
Tallinn
84.5%
Ljubljana
81.6%
Bishkek
79.5%
Quito
78.5%
Valletta
78.2%
Asunción
77.6%
Montevideo
77.3%
Port-au-Prince
77.1%
Ashgabat
75.7%
Chișinău
74.5%
Pristina
73.4%
Tbilisi
72.6%
Kingstown
70.4%
Freetown
68.8%
Port Moresby
68.6%
% Correct
Port of Spain
66.3%
Paramaribo
63.3%
Windhoek
62.1%
Bridgetown
61.5%
Georgetown
60.1%
Dushanbe
58.4%
Malabo
56.4%
Apia
55.7%
Port Vila
55.1%
Managua
54.3%
Manama
49%
Majuro
45.2%
Ngerulmud
41%
Port Louis
36%
Praia
35.5%

You're not logged in!

Compare scores with friends on all Sporcle quizzes.
Join for Free
OR
Log In

You Might Also Like...

Show Comments

Extras

Top Quizzes Today


Score Distribution

Your Account Isn't Verified!

In order to create a playlist on Sporcle, you need to verify the email address you used during registration. Go to your Sporcle Settings to finish the process.

Report this User

Report this user for behavior that violates our Community Guidelines.

Details: